000 00622nam a2200229Ia 4500
003 OSt
005 20220923224007.0
006 a|||||r|||| 00| 0
007 ta
008 Pun
024 _a223,928
037 _cTextual
040 _aARTS
_cARTS
_bPun
041 _2Pun
_aPun
082 _aw1,C5, 153L0
100 _aਕਮਲਾ ਅਕਾਲੀ
245 0 _aਕਮਾਲਾਂ ਦੇ ਕੋਟ
260 _aਲੁਧਿਆਣਾ
_b ਲਾਹੋਰ ਬੁਕ Fਾਪ
_c1970
300 _a175ਪੰ
_ccm.
942 _hw1,C5, 153L0
_cTEXL
_2CC
999 _c368584
_d368584